Statistics for Taylor Swift - Vigilante Shit (Lyrics)

Click here to take the quiz!

General Stats

  • This quiz has been taken 906 times
    (854 since last reset)
  • The average score is 235 of 261

Answer Stats

Answer% Correct
a
99%
I
99%
men
99%
The
98%
the
98%
be
97%
don't
97%
Don't
97%
dress
97%
for
97%
she
97%
She
97%
been
96%
dressing
96%
I've
96%
kill
96%
Lately
96%
man
96%
revenge
96%
shit
96%
shit,
96%
So
96%
so
96%
to
96%
women
96%
you
96%
You
96%
but
95%
I'm
95%
me
95%
On
95%
on
95%
And
94%
and
94%
can
94%
enough
94%
it
94%
of
94%
some
94%
cat
93%
Draw
93%
eye,
93%
in
93%
your
93%
get
92%
looks
92%
sharp
92%
them
92%
ends
91%
he
91%
how
91%
she's
91%
start
91%
tell
91%
worst
91%
even
90%
vigilante
90%
weekends
90%
friends
88%
pretty
88%
bad
87%
Driving
87%
sad,
87%
try
87%
might
86%
things,
86%
think
86%
did
85%
from?
85%
got
85%
where
85%
Benz
84%
They
84%
ex
83%
FBI
83%
had
83%
her
83%
say
83%
wife
83%
lady
82%
want
82%
envelope,
81%
gave
81%
kids,
81%
house,
80%
know
80%
Ladies
80%
what
80%
Someone
79%
with
79%
all
78%
last
78%
people
78%
proof,
78%
told
78%
again
77%
Now
77%
Or
77%
always
76%
cold
76%
doing
76%
hard
76%
lie
76%
lines
76%
my
76%
one
76%
was
76%
white
76%
will
76%
above
75%
as
75%
crimes
75%
gets
75%
his
75%
mine
75%
needed
75%
rise
75%
crossing
74%
Picture
74%
which
74%
wonder
74%
collar
73%
innocents
73%
kind
73%
fun
71%
simply
71%
thick
71%
thieves
71%
villains
71%
pride
70%
sweet
70%
Sometimes
69%
While
56%

Score Distribution

Percentile by Number Answered

Percent of People with Each Score

Your Score History

You have not taken this quiz since the last reset